Open Data Biblioteca Nacional de Portugal


República Portuguesa: Ministério da Cultura
Biblioteca Nacional de Portugal

Catálogo da BNP: acesso por Identificadores Unívocos
Registos Bibliográficos associados ao registo de autoridade

Etiqueta de registo: 00529cam 22001691 450
001 824417
003 http://id.bnportugal.gov.pt/bib/catbnp/824417
005 19990125000000.0
095 ## $aPTBN00476585
100 ## $a19930813d1883 m y0pory0103 ba
101 0# $apor
102 ## $aPT
200 1# $aProcesso relativo à liquidação com o empreiteiro da estrada districtal nº 83, lanço de Bucellas ao Sobral
210 #9 $aLisboa$cTip. Universal,$d1883
215 ## $a45 p., [2] map.$d19 cm
700 #1 $aArouca,$bFrederico,$f1847-1902$387286
801 #0 $aPT$bBN$gRPC
966 ## $lBN$mFGMON$sS.C. 11186//1 P.

Etiqueta de registo: 00519cam 2200169 450
001 548738
003 http://id.bnportugal.gov.pt/bib/catbnp/548738
005 19990103000000.0
095 ## $aPTBN00753518
100 ## $a19950719d1888 k a0pory0103 ba
101 0# $apor
102 ## $aPT
200 1# $aQuestões agricolas$ediscursos proferidos na Camara dos Senhores Deputados...$fpor Frederico de Gusmão Correia Arouca
210 #9 $aLisboa$cImp. Nacional,$d1888
215 ## $a88 p.$d24 cm
700 #1 $aArouca,$bFrederico,$f1847-1902$387286
801 #0 $aPT$bBN$gRPC
966 ## $lBN$mFGMON$sS.C. 4502//4 V.
997 ## $aBIBEOD

Etiqueta de registo: 00536cam 2200169 450
001 548742
003 http://id.bnportugal.gov.pt/bib/catbnp/548742
005 19990103000000.0
095 ## $aPTBN00753522
100 ## $a19950719d1889 k a0pory0103 ba
101 0# $apor
102 ## $aPT
200 1# $aDiscurso proferido na Camara dos Senhores Deputados na sessão nocturna de 11 de Junho de 1889$fpor Frederico de Gusmão Correia Arouca
210 #9 $aLisboa$cImp. Nacional,$d1889
215 ## $a43 p.$d24 cm
700 #1 $aArouca,$bFrederico,$f1847-1902$387286
801 #0 $aPT$bBN$gRPC
966 ## $lBN$mFGMON$sS.C. 4502//5 V.
997 ## $aBIBEOD

Etiqueta de registo: 00582cam 2200169 450
001 606747
003 http://id.bnportugal.gov.pt/bib/catbnp/606747
005 19990104000000.0
095 ## $aPTBN00817074
100 ## $a19960618d1900 k a0pory0103 ba
101 0# $apor
102 ## $aPT
200 1# $aQuestões agricolas$eprojecto de lei sobre cereaes$ediscurso pronunciado na Camara dos Dignos Pares do Reino na sessão de 7 de Junho de 1899$fpor Frederico de Gusmão Correa Arouca
210 #9 $aLisboa$cImp. Nacional,$d1900
215 ## $a24 p.$d23 cm
700 #1 $aArouca,$bFrederico,$f1847-1902$387286
801 #0 $aPT$bBN$gRPC
966 ## $lBN$mFGMON$sS.C. 4856//9 V.
997 ## $aBIBEOD

Etiqueta de registo: 00770cam 2200193 450
001 404883
003 http://id.bnportugal.gov.pt/bib/catbnp/404883
005 19981231000000.0
095 ## $aPTBN00433193
100 ## $a19930309d1890 m a0pory0103 ba
101 0# $apor
102 ## $aPT
105 ## $ay z 000yy
106 ## $ar
200 0# $aTabella indicando a quantia com que cada Câmara Municipal tem de concorrer para a retribuição dos agentes de recenseamento geral da população$fFrederico de Gusmão Correa Arouca
210 #9 $aLisboa$cImprensa Nacional,$d1890
500 10 $aTabela indicando a quantia com que cada Câmara Municipal tem de concorrer para a retribuição dos agentes de recenseamento geral da população
700 #1 $aArouca,$bFrederico,$f1847-1902$387286
801 #0 $aPT$bBN$gRPC
966 ## $lBN$mFGMON$sS.C. 11354//13 P.
997 ## $aBIBEOD

Etiqueta de registo: 00254nbm 2200025 450
001 2148127
003 http://id.bnportugal.gov.pt/bib/catbnp/2148127
100 ## $a20231106g18931894k y0pory01030103ba
101 0# $apor
102 ## $aPT
105 ## $ay z 000yy
106 ## $ah
200 1# $a [ Cartas de Frederico Arouca, Ministro dos Negócios Estrangeiros, a António Ennes, acerca de assuntos de estado e da Sociedade de Geografia]$bManuscrito]
210 #9 $d1893-1894
215 ## $a[7] f.$d21 cm
300 ## $aOriginais autógrafos
303 ## $aIntegra um maço de correspondência, original, de várias personalidades ao Conselheiro António Ennes, nomeadamente de Cristovão Aires, Condessa de Almedina, Rafael de Andrade, Conde de Arnoso, Manuel de Azevedo Coutinho, entre outros (MSS. 146, n. 1-107)
307 ## $aRasuras
307 ## $aAlguns f. e versos de f. em branco
307 ## $aPapel timbrado "Minsitério dos negócios Estrangeiros. Gabinete do Minstro. Particular" nos MSS. 146, n. 98-100
327 11 $aConjunto de 4 cartas de Frederico Arouca, Ministro dos Negócios Estrangeiros, a António Ennes, acerca de assuntos de estado relativos a Moçambique, acerca de assuntos da Sociedade de Geografia, entre outros
700 #1 $aArouca,$bFrederico,$f1847-1902$387286
702 #1 $aEnnes,$bAntónio,$f1848-1901$4660$357031
801 #0 $aPT$bBN$gRPC
966 ## $lBN$mRESMAN$sMSS. 146, n. 97-100 $x2
971 ## $ccasilva$d20231106
972 ## $e0$z0$d20231207$vpmesqui
997 ## $aBIBEOD

Etiqueta de registo: 00254nbm 2200025 450
001 2288442
003 http://id.bnportugal.gov.pt/bib/catbnp/2288442
100 ## $a20260619d1890 k y0pory01030103ba
101 0# $apor
102 ## $aPT
105 ## $ay z 000yy
106 ## $ah
200 1# $a [ Carta de Frederico Arouca dirigida a Henrique Jorge de Moser]$bManuscrito]
210 #1 $aLisboa,$d24 de Junho de 1890
215 ## $a[1] doc. (2 f.)$d17 cm
300 ## $aAutógrafo assinado
307 ## $aPapel timbrado "Ministerio das Obras Publicas Commercio e Industria: Gabinete do Ministro"
317 ## $aIntegra a doação que Jorge de Moser (1906-1971) fez em 1971 à Biblioteca Nacional, constituída por documentação de carácter arquivístico assim como uma colecção de códices e manuscritos avulsos
321 ## $aReferido em: Inventário da Colecção Jorge de Moser / Biblioteca Nacional. Lisboa, 1974, p. 21
700 #1 $aArouca,$bFrederico,$f1847-1902$387286
702 #1 $aMoser,$bJorge de,$f1906-1971$4390$3306704
801 #0 $aPT$bBN$gRPC
966 ## $lBN$mRESMAN$sC.J.M. 8//2 $x3
971 ## $canacris$d20260619

Etiqueta de registo: 00254nbm 2200025 450
001 2288441
003 http://id.bnportugal.gov.pt/bib/catbnp/2288441
100 ## $a20260619f1890 k y0pory01030103ba
101 0# $apor
102 ## $aPT
105 ## $ay z 000yy
106 ## $ah
200 1# $a [ Carta de Frederico Arouca dirigida a Henrique Jorge de Moser]$bManuscrito]
210 #1 $aAlcoentre,$d[Ca 1890]
215 ## $a[1] doc. (2 f.)$d17 cm
300 ## $aAutógrafo assinado
317 ## $aIntegra a doação que Jorge de Moser (1906-1971) fez em 1971 à Biblioteca Nacional, constituída por documentação de carácter arquivístico assim como uma colecção de códices e manuscritos avulsos
321 ## $aReferido em: Inventário da Colecção Jorge de Moser / Biblioteca Nacional. Lisboa, 1974, p. 21
700 #1 $aArouca,$bFrederico,$f1847-1902$387286
702 #1 $aMoser,$bJorge de,$f1906-1971$4390$3306704
801 #0 $aPT$bBN$gRPC
966 ## $lBN$mRESMAN$sC.J.M. 8//1 $x3
971 ## $canacris$d20260619

Etiqueta de registo: 00254nbm 2200025 450
001 2288438
003 http://id.bnportugal.gov.pt/bib/catbnp/2288438
100 ## $a20260618d1890 k y0pory01030103ba
101 0# $apor
102 ## $aPT
105 ## $ay z 000yy
106 ## $ah
200 1# $a [ Carta de Frederico Arouca dirigida a Henrique Jorge de Moser]$bManuscrito]
210 #1 $aLisboa,$d28 de Junho de 1890
215 ## $a[1] doc. (2 f.)$d17 cm
300 ## $aAutógrafo assinado
307 ## $aPapel timbrado "Ministerio das Obras Publicas Commercio e Industria: Gabinete do Ministro"
317 ## $aIntegra a doação que Jorge de Moser (1906-1971) fez em 1971 à Biblioteca Nacional, constituída por documentação de carácter arquivístico assim como uma colecção de códices e manuscritos avulsos
321 ## $aReferido em: Inventário da Colecção Jorge de Moser / Biblioteca Nacional. Lisboa, 1974, p. 21
700 #1 $aArouca,$bFrederico,$f1847-1902$387286
702 #1 $aMoser,$bJorge de,$f1906-1971$4390$3306704
801 #0 $aPT$bBN$gRPC
966 ## $lBN$mRESARQ$sC.J.M. 8//3 $x3
971 ## $canacris$d20260619

OpendataBNP@bnportugal.pt | Mais informação sobre acesso aos dados BNP